Φορτώνει......

Econimic Systems of Foraging,Agricultural, and Industrial Societies /

Λεπτομέρειες βιβλιογραφικής εγγραφής
Άλλοι συγγραφείς: Pryor,, Frederic L
Μορφή: Printed Book
Γλώσσα:English
Έκδοση: UK: Cambridge University Press, 2005.
Έκδοση:1
Θέματα:
LEADER 00730cam a2200229ua 4500
008 130528t2005||||||||||| 00 ||eng c
020 |a 0-521-84904-7 
041 0 |a eng 
082 |a 330.9  |b PRY/E 
245 1 0 |a Econimic Systems of Foraging,Agricultural, and Industrial Societies /  
250 |a 1 
260 |a UK:  |b Cambridge University Press,  |c 2005. 
300 |a 316. 
362 1 |a 2005. 
650 |a Comparative economics 
650 0 |a Agriculure economics 
650 0 |a Industrial economics 
650 0 |a Economic system- Marxist 
700 0 2 |a Pryor,, Frederic L 
942 |c BK 
999 |c 29022  |d 29022 
952 |0 0  |1 0  |4 0  |6 330_900000000000000_PRY  |7 0  |9 30816  |a KUCL  |b KUCL  |d 2014-05-23  |l 0  |o 330.9 PRY/  |p 30627  |r 2014-05-23  |w 2014-05-23  |y BK